000 00726nam a22002297a 4500
003 UA-OsUOA
001 31799
007 ta
008 20050112b un ||||| |||| 00| 0 ukr d
090 _a94(477.8)
_bО-78
942 _cBK
040 _aUA-OsUOA
_bukr
_cUA-OsUOA
_dUA-OsUOA
245 _aОстрозька та Києво-Могилянська академії
_bПосібник для вступників
_cУкладач А. Є.Атаманенко В. Б.Атаманенко
300 _a46 с.
955 _a0
041 _aukr
080 _a94(477.8)
260 _aОстрог
_bРедакційно-видавничий відділ НаУОА
_c2001
044 _aUA
650 7 _2UDC
999 _c318230
_d318230